[Event "Pardubice Czech op-C 30th"]
[Site "Pardubice"]
[Date "2019.07.26"]
[Round "8"]
[White "Jakobsen, Hans Endrup"]
[Black "Luban, Peter"]
[Result "0-1"]
[WhiteElo "1965"]
[BlackElo "1789"]
[PlyCount "38"]
[EventDate "2019.07.20"]
[EventType "swiss"]
[EventRounds "9"]
[EventCountry "CZE"]
[SourceTitle "EXT 2020"]
[Source "ChessBase"]
[SourceDate "2019.10.17"]
[SourceVersion "1"]
[SourceVersionDate "2019.10.17"]
[SourceQuality "1"]

1. d4 Nf6 2. Nf3 g6 3. c4 Bg7 4. Nc3 d6 5. g3 0-0 6. Bg2 c6 7. 0-0 Nbd7 8. h3 e5 9. Bg5 Qc7 10. d5 c5 11. Nd2 h6 12. Be3 a6 13. f4 exf4 14. gxf4 Nh5 15. Qe1 Re8 16. Qf2 Rxe3 17. Qxe3 Bd4 18. Qxd4 cxd4 19. Nce4 f5 0-1